000 01038nam a2200253 i 4500
001 187375
003 ES-MaACL
005 20260304122654.0
008 170628s1908 sp |||| | spa d
080 _a821.134.2-95"18"
100 1 _aValera, Juan,
_d1824-1905
_9112638
245 1 0 _aCrítica literaria :
_b(1854-1856) /
_cJuan Valera.
260 _a[Madrid :
_bs.n.],
_c1908 (
_fImp. Alemana)
300 _a286 p. ;
_c17 cm.
490 1 _aObras completas ;
_v19
505 8 _aContiene: Del romanticismo y de Espronceda ; Los cantos de Leopardi ; De la poesía del Brasil ; Las escenas andaluzas ; Obras poéticas de Campoamor ; La bola de nieve ; Diccionario etimológico de Monlau ; Revista de Madrid
530 _aDisponible en formato digital.
650 _aLiteratura-
_xHistoria y crítica.
_914489
830 1 _aObras completas ;
_v19
_9176447
852 4 _aES-MaACL
_jB-2864
_cSPB
856 4 _uhttp://bdh-rd.bne.es/viewer.vm?id=0000201119&page=1
_yBiblioteca Digital Hispánica
942 _2udc
999 _c187375
_d187375